Britain in the old world (to 1485) / (Record no. 6159)
[ view plain ]
| 000 -LEADER | |
|---|---|
| fixed length control field | 00452cam a2200169ua 4500 |
| 041 ## - LANGUAGE CODE | |
| Language code of text/sound track or separate title | eng |
| 082 ## - DEWEY DECIMAL CLASSIFICATION NUMBER | |
| Classification number | 941 |
| Item number | DAN/BR |
| 100 ## - MAIN ENTRY--AUTHOR NAME | |
| Personal name | Dance, E H . |
| 245 ## - TITLE STATEMENT | |
| Title | Britain in the old world (to 1485) / |
| 260 ## - PUBLICATION, DISTRIBUTION, ETC. (IMPRINT) | |
| Place of publication | London : |
| Name of publisher | Longman , |
| Year of publication | 1960. |
| 300 ## - PHYSICAL DESCRIPTION | |
| Number of Pages | 180 ; . |
| 490 0# - SERIES STATEMENT | |
| Series statement | Longman`s New Age Histories, |
| Volume number/sequential designation | |
| 942 ## - ADDED ENTRY ELEMENTS (KOHA) | |
| Koha item type | Books |
| Withdrawn status | Lost status | Damaged status | Home library | Current library | Date acquired | Cost, normal purchase price | Full call number | Accession Number | Koha item type | Public note |
|---|---|---|---|---|---|---|---|---|---|---|
| Withdrawn | KAUAET | Malayalam University | 07/04/2012 | 10.00 | 941 | 6601 | Books | Transferred to Malayalam University |
